عرض عادي عرض مارك
  • Great Britain

مدخل إسم جغرافي

عدد التسجيلات المستخدمة في: 1

001 - رقم الضبط

  • حقل الضبط: 56403

003 - معرف رقم الضبط

  • حقل الضبط: OSt

005 - تاريخ ووقت أخر عملية

  • حقل الضبط: 20160827132815.0

008 - عناصر بيانات ثابتة الطول

  • حقل تحكم ثابت الطول: 160827|| aca||aabn | a|a d

040 ## - مصدر الفهرسة

  • هيئة الفهرسة الأصلية: OSt
  • وكالة الكتابة: OSt

151 ## - مدخل-- مصطلح تاريخي

  • اسم جغرافي: Great Britain
  • تفريع شكلي: Literary collections.

670 ## - بيانات المصدر موجوده

  • الاستشهاد بالمصدر: Work cat.: (OSt)0: The Norton anthology of English literature /, c2012.